Electric wiring

Bibliographic Details
Main Author: Samaddar, S
Format: Book
Published: New Delhi : New Central Books Agency (P) Ltd , 2012
Subjects:

MARC

LEADER 00000cam a2200000 7i4500
001 0000040641
005 20140430.0
008 140430
020 |a 8173817465 
090 0 0 |a 621.319   |b SAM 
100 1 |a Samaddar, S 
245 1 0 |a Electric wiring   |c Sudhansu Samaddar 
260 |a New Delhi :   |b New Central Books Agency (P) Ltd ,   |c 2012 
650 0 |a Building interior electric wiring systems 
650 0 |a Electric wiring 
999 |a 0001263890   |b Book   |c Adult Collection   |e Cawangan Pontian 
999 |a 0001282009   |b Book   |c Adult Collection   |e Cawangan Mersing 
999 |a 0001282010   |b Book   |c Adult Collection   |e Cawangan Taman Sri Lambak 
999 |a 0001282011   |b Book   |c Adult Collection   |e Cawangan Pontian 
999 |a 0001282014   |b Book   |c Adult Collection   |e Cawangan Bandar Tenggara 
999 |a 0001282015   |b Book   |c Adult Collection   |e Cawangan Tangkak 
999 |a 0001282016   |b Book   |c Adult Collection   |e Cawangan Taman Sri Lambak 
999 |a 0001282018   |b Book   |c Adult Collection   |e Cawangan Segamat 
999 |a 0001282019   |b Book   |c Adult Collection   |e Cawangan Bandar Penawar 
999 |a 0001291810   |b Book   |c Adult Collection   |e Perbadanan Perpustakaan Awam Johor